header

Consciousness in interaction (Record no. 82451)

MARC details
000 -LEADER
fixed length control field 01691nam a2200337 a 4500
082 04 - DEWEY DECIMAL CLASSIFICATION NUMBER
Classification number 153
245 00 - TITLE STATEMENT
Title Consciousness in interaction
260 ## - PUBLICATION, DISTRIBUTION, ETC. (IMPRINT)
Place of publication Amsterdam ;
-- Philadelphia :
Name of publisher John Benjamins Pub. Co.,
Year of publication c2012.
300 ## - PHYSICAL DESCRIPTION
Number of Pages xix, 403 p. :
Other physical details ill., port.
490 1# - SERIES STATEMENT
Series statement Advances in consciousness research (AiCR). Series A, Theory and method,
505 0# - FORMATTED CONTENTS NOTE
Formatted contents note section 1. Phenomenal consciousness : brain, action and interaction -- section 2. Social cognition, self-control, artifacts and emotions : the role of consciousness -- section 3. Historical perspectives on consciousness in interaction.
650 #0 - SUBJECT ADDED ENTRY--TOPICAL TERM
Topical Term Consciousness.
700 1# - ADDED ENTRY--PERSONAL NAME
Personal name Paglieri, Fabio.
856 40 - ELECTRONIC LOCATION AND ACCESS
Uniform Resource Identifier http://site.ebrary.com/lib/rucke/Doc?id=10583979

No items available.

© 2026 Rongo University
Contact us: librarian | system librarian | Rongo university